Orden de los continentes por cantidad de países - Estadísticas

Estadísticas generales
  • Esta prueba ha sido intentada 180 veces
  • La puntuación promedio es 6 de 6
Estadísticas de respuestas
Puesto # países Continente % Correcto
1 54 África
100%
2 48 Asia
100%
3 45 Europa
100%
5 14 Oceania
89%
4 23 América del norte
87%
6 12 América del Sur
86%
No se encontraron pruebas coincidentes
Distribución de puntuación
Porcentaje de gente con cada puntuación
Porcentaje por número respondido
Historial de tus puntuaciones
No has intentado esta prueba.